书目信息 |
| 题名: |
高超音速流理论
|
|
| 作者: | 海斯 , 普洛布斯坦 著 ;严宗毅 , 孙菽芬 译 | |
| 分册: | 第一卷 无粘流 | |
| 出版信息: | 北京 科学出版社 1979 |
|
| 页数: | 679页 | |
| 开本: | 19cm | |
| 丛书名: | ||
| 单 册: | ||
| 中图分类: | O354.4 | |
| 科图分类: | ||
| 主题词: | 高超音速流 | |
| 电子资源: | ||
| ISBN: | ||
| 000 | 00775nam0 2200265 45 | |
| 001 | 0179009028 | |
| 005 | 20040921104458.5 | |
| 010 | @dCNY2.20 | |
| 091 | @a13031.950 | |
| 100 | @a19950920d1979 em y0chiy0121 ea | |
| 101 | 1 | @achi@ceng |
| 102 | @aCN@b110000 | |
| 105 | @ay z 000yy | |
| 106 | @ar | |
| 200 | 10 | @a高超音速流理论@Agao chao yin su liu li lun@h第一卷@i无粘流@f(美)W.D.海斯,(美)R.F.普洛布斯坦著@g严宗毅,孙菽芬译 |
| 210 | @a北京@c科学出版社@d1979 | |
| 215 | @a679页@d19cm | |
| 606 | @a高超音速流 | |
| 690 | @aO354.4@v3 | |
| 701 | 1 | @a海斯@Ahai si@bW.D.@4著 |
| 701 | 1 | @a普洛布斯坦@Apu luo bu si tan@bR.F.@4著 |
| 702 | 0 | @a严宗毅@Ayan zong yi@4译 |
| 702 | 0 | @a孙菽芬@Asun shu fen@4译 |
| 801 | 0 | @aCN@bNLC@c20040921 |
| 905 | @f1@b156507@dO354.4@e1:1 | |
| 高超音速流理论.第一卷.无粘流/(美)W.D.海斯,(美)R.F.普洛布斯坦著/严宗毅,孙菽芬译.-北京:科学出版社,1979 |
| 679页;19cm |
| ISBN :CNY2.20 |
| ● |
| 相关链接 |
|
|
|
|
正题名:高超音速流理论
索取号:O354.4/1:1
 
预约/预借
| 序号 | 登录号 | 条形码 | 馆藏地/架位号 | 状态 | 备注 |
| 1 | 0156507 | 001960319 | 第三借阅区/ [索取号:O354.4/1:1] | 在馆 | |
| 2 | 0156508 | 000385960 | 第二样本阅览室/ [索取号:O354.4/1:1] | 在馆 |